Alabama Counties - List - Statistics

General Stats
  • This quiz has been taken 26 times
  • The average score is 29 of 67
Answer Stats
Answer % Correct
Jefferson
92%
Montgomery
92%
Washington
75%
Baldwin
67%
Lee
67%
Mobile
67%
Autauga
58%
Butler
58%
Calhoun
58%
Clarke
58%
Coosa
58%
Madison
58%
Tuscaloosa
58%
Blount
50%
Cherokee
50%
Chilton
50%
Clay
50%
Cleburne
50%
Crenshaw
50%
Escambia
50%
Jackson
50%
Lauderdale
50%
Shelby
50%
Tallapoosa
50%
Wilcox
50%
Barbour
42%
Bibb
42%
Bullock
42%
Chambers
42%
Coffee
42%
Colbert
42%
Conecuh
42%
Cullman
42%
Etowah
42%
Greene
42%
Henry
42%
Houston
42%
Lowndes
42%
Macon
42%
Monroe
42%
Randolph
42%
St. Clair
42%
Sumter
42%
Talladega
42%
Winston
42%
Choctaw
33%
Covington
33%
Dallas
33%
DeKalb
33%
Geneva
33%
Hale
33%
Marion
33%
Marshall
33%
Morgan
33%
Pickens
33%
Pike
33%
Dale
25%
Fayette
25%
Franklin
25%
Lamar
25%
Lawrence
25%
Limestone
25%
Marengo
25%
Perry
25%
Elmore
17%
Russell
17%
Walker
17%
No matching quizzes found
Score Distribution
Percent of People with Each Score
Percentile by Number Answered
Your Score History
You have not taken this quiz